[Event "DEM U8w 2025"]
[Site "Willingen GER"]
[Date "2025.06.11"]
[Round "1"]
[White "Kühn, Ariane"]
[Black "Wranik, Tabea"]
[Result "0-1"]
[Termination "normal"]
[Board "7"]
[WhiteElo "931"]
[BlackElo "767"]
[WhiteClock "00:55:27"]
[BlackClock "00:38:46"]
[PlyCount "126"]
[EventCountry "GER"]
[EventRounds "7"]
[EventType "swiss"]
[EventDate "2025.06.10"]

1. e4 {[%clk 01:00:29]} {[%emt 00:00:01]} c5 {[%clk 01:00:41]} {[%emt
00:00:05]} 2. Nf3 {[%clk 01:00:27]} {[%emt 00:00:18]} Nc6 {[%clk 01:00:43]}
{[%emt 00:00:13]} 3. Bc4 {[%clk 01:00:32]} {[%emt 00:00:09]} d6 {[%clk
01:00:47]} {[%emt 00:00:11]} 4. O-O {[%clk 01:00:37]} {[%emt 00:00:11]} Nf6
{[%clk 01:00:48]} {[%emt 00:00:13]} 5. d3 {[%clk 01:00:47]} {[%emt 00:00:07]}
g6 {[%clk 01:00:43]} {[%emt 00:00:19]} 6. Be3 {[%clk 01:00:47]} {[%emt
00:00:13]} Bg7 {[%clk 01:00:39]} {[%emt 00:00:20]} 7. Qd2 {[%clk 01:00:51]}
{[%emt 00:00:11]} h6 {[%clk 01:00:35]} {[%emt 00:00:16]} 8. Bb5 {[%clk
01:00:53]} {[%emt 00:00:16]} Bd7 {[%clk 01:00:30]} {[%emt 00:00:21]} 9. Bxc6
{[%clk 01:00:54]} {[%emt 00:00:13]} Bxc6 {[%clk 01:00:34]} {[%emt 00:00:11]}
10. Nc3 {[%clk 01:00:59]} {[%emt 00:00:10]} Ng4 {[%clk 01:00:10]} {[%emt
00:00:39]} 11. Nd5 {[%clk 01:00:56]} {[%emt 00:00:19]} Nxe3 {[%clk 00:59:58]}
{[%emt 00:00:27]} 12. Qxe3 {[%clk 01:00:59]} {[%emt 00:00:11]} O-O {[%clk
00:59:41]} {[%emt 00:00:33]} 13. a4 {[%clk 01:00:11]} {[%emt 00:01:04]} Bxd5
{[%clk 00:59:14]} {[%emt 00:00:42]} 14. exd5 {[%clk 01:00:13]} {[%emt
00:00:12]} Bxb2 {[%clk 00:57:48]} {[%emt 00:01:42]} 15. Rab1 {[%clk 01:00:01]}
{[%emt 00:00:27]} Bg7 {[%clk 00:57:28]} {[%emt 00:00:34]} 16. Rxb7 {[%clk
01:00:01]} {[%emt 00:00:16]} Kh7 {[%clk 00:55:51]} {[%emt 00:01:52]} 17. Rxe7
{[%clk 00:59:25]} {[%emt 00:00:50]} Bf6 {[%clk 00:55:46]} {[%emt 00:00:21]} 18.
Re4 {[%clk 00:58:58]} {[%emt 00:00:30]} Bg5 {[%clk 00:55:47]} {[%emt 00:00:25]}
19. Nxg5+ {[%clk 00:58:32]} {[%emt 00:00:41]} hxg5 {[%clk 00:55:45]} {[%emt
00:00:17]} 20. Rg4 {[%clk 00:58:26]} {[%emt 00:00:13]} Re8 {[%clk 00:55:35]}
{[%emt 00:00:34]} 21. Qh3+ {[%clk 00:58:29]} {[%emt 00:00:10]} Kg7 {[%clk
00:53:22]} {[%emt 00:02:19]} 22. d4 {[%clk 00:58:25]} {[%emt 00:00:31]} c4
{[%clk 00:53:11]} {[%emt 00:00:26]} 23. g3 {[%clk 00:57:56]} {[%emt 00:00:42]}
f6 {[%clk 00:53:01]} {[%emt 00:00:26]} 24. f4 {[%clk 00:57:20]} {[%emt
00:00:48]} f5 {[%clk 00:52:13]} {[%emt 00:01:06]} 25. Rxg5 {[%clk 00:57:02]}
{[%emt 00:00:34]} Qb6 {[%clk 00:51:23]} {[%emt 00:01:05]} 26. Qh5 {[%clk
00:56:58]} {[%emt 00:00:18]} Qxd4+ {[%clk 00:51:10]} {[%emt 00:00:29]} 27. Kh1
{[%clk 00:56:55]} {[%emt 00:00:17]} Qe4+ {[%clk 00:51:10]} {[%emt 00:00:14]}
28. Kg1 {[%clk 00:56:51]} {[%emt 00:00:20]} Qd4+ {[%clk 00:50:05]} {[%emt
00:01:21]} 29. Rf2 {[%clk 00:56:45]} {[%emt 00:00:19]} Re1+ {[%clk 00:49:26]}
{[%emt 00:00:55]} 30. Kg2 {[%clk 00:56:50]} {[%emt 00:00:09]} Qxd5+ {[%emt
00:00:40]} 31. Kh3 {[%clk 00:56:50]} {[%emt 00:00:05]} Kf8 {[%clk 00:48:01]}
{[%emt 00:01:26]} 32. Qh8+ {[%clk 00:56:48]} {[%emt 00:00:16]} Qg8 {[%clk
00:47:33]} {[%emt 00:00:45]} 33. Qf6+ {[%clk 00:56:48]} {[%emt 00:00:12]} Qf7
{[%clk 00:46:36]} {[%emt 00:01:14]} 34. Qxd6+ {[%clk 00:56:44]} {[%emt
00:00:20]} Re7 {[%clk 00:46:23]} {[%emt 00:00:27]} 35. Re2 {[%clk 00:56:41]}
{[%emt 00:00:17]} Qh7+ {[%clk 00:46:13]} {[%emt 00:00:26]} 36. Kg2 {[%clk
00:56:51]} {[%emt 00:00:06]} Rae8 {[%clk 00:45:13]} {[%emt 00:01:15]} 37. Rxe7
{[%clk 00:56:48]} {[%emt 00:00:18]} Rxe7 {[%clk 00:45:11]} {[%emt 00:00:17]}
38. Qd8+ {[%clk 00:56:44]} {[%emt 00:00:11]} Re8 {[%clk 00:45:13]} {[%emt
00:00:20]} 39. Qf6+ {[%clk 00:56:46]} {[%emt 00:00:12]} Qf7 {[%clk 00:45:17]}
{[%emt 00:00:12]} 40. Qh8+ {[%clk 00:56:52]} {[%emt 00:00:08]} Qg8 {[%clk
00:44:55]} {[%emt 00:00:39]} 41. Qh6+ {[%clk 00:56:58]} {[%emt 00:00:08]} Qg7
{[%clk 00:43:40]} {[%emt 00:01:30]} 42. Qh3 {[%clk 00:56:46]} {[%emt 00:00:27]}
Qd4 {[%clk 00:43:10]} {[%emt 00:00:34]} 43. Rxf5+ {[%clk 00:56:56]} {[%emt
00:01:53]} gxf5 {[%clk 00:43:06]} {[%emt 00:00:20]} 44. Qxf5+ {[%clk 00:57:00]}
{[%emt 00:00:10]} Kg8 {[%clk 00:42:24]} {[%emt 00:00:56]} 45. h4 {[%clk
00:57:12]} {[%emt 00:00:04]} Rf8 {[%clk 00:42:14]} {[%emt 00:00:26]} 46. Qg5+
{[%clk 00:57:11]} {[%emt 00:00:13]} Qg7 {[%clk 00:42:06]} {[%emt 00:00:26]} 47.
Qd5+ {[%clk 00:57:07]} {[%emt 00:00:16]} Qf7 {[%clk 00:42:00]} {[%emt
00:00:23]} 48. Qh5 {[%clk 00:57:04]} {[%emt 00:00:16]} Qxh5 {[%clk 00:41:52]}
{[%emt 00:00:23]} 49. Kh3 {[%clk 00:56:49]} {[%emt 00:00:16]} Qf5+ {[%clk
00:41:07]} {[%emt 00:01:16]} 50. g4 {[%clk 00:56:45]} {[%emt 00:00:15]} Qxf4
{[%clk 00:41:15]} {[%emt 00:00:10]} 51. h5 {[%clk 00:56:48]} {[%emt 00:00:12]}
Qf3+ {[%clk 00:40:36]} {[%emt 00:00:55]} 52. Kh4 {[%clk 00:56:52]} {[%emt
00:00:08]} Kh8 {[%clk 00:40:38]} {[%emt 00:00:15]} 53. g5 {[%clk 00:56:59]}
{[%emt 00:00:08]} Rg8 {[%clk 00:40:32]} {[%emt 00:00:22]} 54. g6 {[%clk
00:57:06]} {[%emt 00:00:07]} Qh1+ {[%clk 00:40:25]} {[%emt 00:00:22]} 55. Kg5
{[%clk 00:57:13]} {[%emt 00:00:09]} Qg2+ {[%clk 00:40:10]} {[%emt 00:00:29]}
56. Kh4 {[%clk 00:57:20]} {[%emt 00:00:08]} Qxc2 {[%clk 00:39:58]} {[%emt
00:00:29]} 57. Kg5 {[%clk 00:57:14]} {[%emt 00:00:18]} Qxa4 {[%clk 00:39:51]}
{[%emt 00:00:24]} 58. h6 {[%clk 00:57:12]} {[%emt 00:00:14]} c3 {[%clk
00:39:49]} {[%emt 00:00:20]} 59. g7+ {[%clk 00:57:18]} {[%emt 00:00:09]} Kh7
{[%emt 00:00:08]} 60. Kf6 {[%emt 00:00:06]} c2 {[%emt 00:01:17]} 61. Ke7 {[%clk
00:56:28]} {[%emt 00:00:31]} c1=Q {[%clk 00:38:49]} {[%emt 00:00:39]} 62. Kf7
{[%clk 00:56:16]} {[%emt 00:00:27]} Qxh6 {[%clk 00:38:46]} {[%emt 00:00:20]}
63. Ke7 {[%clk 00:55:27]} {[%emt 00:00:57]} Qe8# {[%emt 00:00:39]} 0-1

[Event "DEM U8w 2025"]
[Site "Willingen GER"]
[Date "2025.06.11"]
[Round "1"]
[White "Richter Assencio, Carolina"]
[Black "Markov, Agnia-Sari"]
[Result "0-1"]
[Termination "normal"]
[Board "8"]
[WhiteElo "751"]
[BlackElo "920"]
[WhiteClock "00:30:41"]
[BlackClock "00:42:50"]
[PlyCount "97"]
[EventCountry "GER"]
[EventRounds "7"]
[EventType "swiss"]
[EventDate "2025.06.10"]

1. e4 {[%clk 01:00:28]} {[%emt 00:00:02]} e5 {[%clk 01:00:29]} 2. Nf3 {[%emt
00:00:13]} Nf6 {[%clk 01:00:29]} {[%emt 00:00:03]} 3. Nc3 {[%clk 01:00:32]}
{[%emt 00:00:25]} Nc6 {[%clk 01:00:28]} {[%emt 00:00:17]} 4. Bb5 {[%clk
00:59:48]} {[%emt 00:00:58]} Bc5 {[%clk 00:59:53]} {[%emt 00:00:49]} 5. Nxe5
{[%emt 00:00:27]} Nxe5 {[%clk 00:59:34]} {[%emt 00:00:28]} 6. d4 {[%emt
00:00:08]} Bxd4 {[%emt 00:01:07]} 7. Qxd4 {[%clk 00:58:13]} {[%emt 00:00:31]}
Nc6 {[%clk 00:59:20]} {[%emt 00:00:27]} 8. Bxc6 {[%clk 00:58:25]} {[%emt
00:00:05]} bxc6 {[%clk 00:59:08]} {[%emt 00:00:27]} 9. Bg5 {[%emt 00:00:08]}
Ba6 {[%emt 00:00:53]} 10. e5 {[%emt 00:00:17]} Qe7 {[%clk 00:59:07]} {[%emt
00:00:50]} 11. e6 {[%emt 00:01:31]} Qxe6+ {[%emt 00:00:29]} 12. Qe3 {[%clk
00:54:42]} {[%emt 00:01:01]} Ng4 {[%clk 00:58:20]} {[%emt 00:01:07]} 13. Qxe6+
{[%emt 00:00:41]} dxe6 {[%emt 00:00:20]} 14. Na4 {[%emt 00:00:44]} O-O {[%emt
00:00:34]} 15. Nc5 {[%clk 00:52:35]} {[%emt 00:00:02]} Bb5 {[%clk 00:58:18]}
{[%emt 00:00:16]} 16. Rd1 {[%clk 00:48:30]} {[%emt 00:00:15]} Rfe8 {[%clk
00:58:14]} {[%emt 00:04:21]} 17. Nb7 {[%clk 00:48:06]} {[%emt 00:00:34]} f6
{[%clk 00:57:56]} {[%emt 00:00:40]} 18. Bf4 {[%emt 00:00:43]} e5 {[%emt
00:00:29]} 19. Bd2 {[%emt 00:00:40]} e4 {[%emt 00:00:40]} 20. Ba5 {[%clk
00:45:34]} {[%emt 00:00:13]} Rab8 {[%clk 00:57:20]} {[%emt 00:00:52]} 21. Nc5
{[%clk 00:44:32]} {[%emt 00:00:34]} e3 {[%clk 00:57:21]} {[%emt 00:01:00]} 22.
Nd7 {[%emt 00:00:51]} exf2+ {[%clk 00:59:19]} {[%emt 00:00:22]} 23. Kd2 {[%clk
00:43:15]} {[%emt 00:01:37]} Re2+ {[%clk 00:59:08]} {[%emt 00:00:24]} 24. Kc3
{[%clk 00:43:10]} {[%emt 00:00:13]} Re3+ {[%clk 00:58:48]} {[%emt 00:00:43]}
25. Kd4 {[%clk 00:42:41]} {[%emt 00:00:35]} Rd8 {[%clk 00:58:40]} {[%emt
00:00:31]} 26. Kc5 {[%emt 00:04:31]} f1=Q {[%clk 00:56:21]} {[%emt 00:00:10]}
27. Rhxf1 {[%clk 00:41:09]} {[%emt 00:00:24]} Bxf1 {[%clk 00:55:29]} {[%emt
00:01:07]} 28. Nxf6+ {[%clk 00:40:15]} {[%emt 00:00:43]} gxf6 {[%clk 00:55:17]}
{[%emt 00:00:52]} 29. Rxd8+ {[%emt 00:00:23]} Kg7 {[%emt 00:00:17]} 30. Rd7+
{[%emt 00:00:26]} Kg6 {[%emt 00:00:25]} 31. Rxc7 {[%clk 00:38:39]} {[%emt
00:00:12]} Re5+ {[%clk 00:55:09]} {[%emt 00:00:29]} 32. Kb4 {[%clk 00:38:35]}
{[%emt 00:00:22]} Rb5+ {[%clk 00:55:03]} {[%emt 00:00:20]} 33. Ka4 {[%clk
00:38:31]} {[%emt 00:00:21]} Nxh2 {[%clk 00:53:55]} {[%emt 00:01:18]} 34. Rxc6
{[%clk 00:38:32]} {[%emt 00:00:19]} Ng4 {[%clk 00:53:04]} {[%emt 00:00:59]} 35.
c4 {[%emt 00:00:25]} Rxb2 {[%emt 00:00:32]} 36. Bd8 {[%clk 00:37:37]} {[%emt
00:00:18]} Rxa2+ {[%clk 00:52:35]} {[%emt 00:00:45]} 37. Kb5 {[%clk 00:37:33]}
{[%emt 00:00:19]} Rb2+ {[%clk 00:51:45]} {[%emt 00:01:00]} 38. Ka6 {[%clk
00:36:57]} {[%emt 00:00:53]} Ra2+ {[%clk 00:49:16]} {[%emt 00:02:43]} 39. Ba5
{[%clk 00:36:57]} {[%emt 00:00:19]} Bxg2 {[%clk 00:48:25]} {[%emt 00:01:06]}
40. Rc7 {[%clk 00:37:03]} {[%emt 00:00:09]} Ne5 {[%clk 00:47:23]} {[%emt
00:01:15]} 41. Rxa7 {[%clk 00:36:48]} {[%emt 00:00:32]} Bf1 {[%clk 00:46:07]}
{[%emt 00:01:26]} 42. Rc7 {[%emt 00:01:50]} Rb2 {[%emt 00:00:59]} 43. Bc3
{[%clk 00:31:05]} {[%emt 00:01:37]} Rb3 {[%clk 00:45:48]} {[%emt 00:01:58]} 44.
Bxe5 {[%clk 00:31:06]} {[%emt 00:00:25]} fxe5 {[%clk 00:45:25]} {[%emt
00:00:39]} 45. Rc6 {[%clk 00:31:13]} {[%emt 00:00:08]} Kf5 {[%clk 00:44:48]}
{[%emt 00:00:44]} 46. Ka5 {[%clk 00:31:19]} {[%emt 00:00:17]} Bg2 {[%clk
00:43:52]} {[%emt 00:01:07]} 47. Rc8 {[%emt 00:00:49]} e4 {[%clk 00:42:49]}
{[%emt 00:01:06]} 48. c5 {[%clk 00:30:36]} {[%emt 00:00:40]} e3 {[%clk
00:42:50]} {[%emt 00:00:14]} 49. Re8 {[%clk 00:30:41]} {[%emt 00:00:10]} Bf1
{[%clk 00:41:31]} {[%emt 00:01:29]} 50. c6 {[%clk 00:30:44]} {[%emt 00:00:17]}
Rb5+ {[%clk 00:40:40]} {[%emt 00:00:56]} 51. Ka6 {[%clk 00:30:52]} {[%emt
00:00:18]} Re5+ {[%emt 00:01:13]} 0-1

[Event "DEM U8w 2025"]
[Site "Willingen GER"]
[Date "2025.06.11"]
[Round "1"]
[White "Taris, Camille"]
[Black "Lesnik, Mara"]
[Result "0-1"]
[Termination "normal"]
[Board "9"]
[WhiteElo "882"]
[BlackElo "734"]
[WhiteClock "00:59:22"]
[BlackClock "00:58:14"]
[PlyCount "34"]
[BlackFideId "533032742"]
[EventCountry "GER"]
[EventRounds "7"]
[EventType "swiss"]
[EventDate "2025.06.10"]

1. d4 d5 {[%emt 00:00:13]} 2. Nf3 {[%clk 01:00:08]} {[%emt 00:00:08]} Nc6
{[%clk 01:00:17]} {[%emt 00:00:13]} 3. Bf4 {[%clk 01:00:12]} {[%emt 00:00:13]}
Bf5 {[%clk 01:00:13]} {[%emt 00:00:19]} 4. e3 {[%clk 01:00:15]} {[%emt
00:00:11]} Nf6 {[%clk 01:00:09]} {[%emt 00:00:18]} 5. Bd3 {[%clk 01:00:24]}
{[%emt 00:00:08]} e6 {[%clk 00:59:57]} {[%emt 00:00:27]} 6. O-O {[%clk
01:00:33]} {[%emt 00:00:06]} Ne4 {[%clk 00:59:57]} {[%emt 00:00:14]} 7. c4
{[%clk 01:00:21]} {[%emt 00:00:28]} Bd6 {[%clk 00:59:27]} {[%emt 00:00:45]} 8.
Bxd6 {[%clk 01:00:18]} {[%emt 00:00:17]} cxd6 {[%clk 00:59:09]} {[%emt
00:00:35]} 9. Nc3 {[%clk 01:00:18]} {[%emt 00:00:15]} Nb4 {[%clk 00:59:07]}
{[%emt 00:00:16]} 10. a3 {[%clk 01:00:03]} {[%emt 00:00:32]} Nxd3 {[%emt
00:00:06]} 11. Qxd3 {[%emt 00:00:11]} Nxf2 {[%clk 00:58:49]} {[%emt 00:00:12]}
12. Qd2 {[%clk 00:59:51]} {[%emt 00:00:31]} Ne4 {[%clk 00:58:43]} {[%emt
00:00:20]} 13. Nxe4 {[%clk 00:59:56]} {[%emt 00:00:09]} Bxe4 {[%emt 00:00:12]}
14. Ng5 {[%emt 00:00:15]} Qxg5 {[%clk 00:58:13]} {[%emt 00:00:17]} 15. Qf2
{[%clk 00:59:32]} {[%emt 00:00:41]} Rc8 {[%clk 00:58:14]} {[%emt 00:00:13]} 16.
Qxf7+ {[%clk 00:59:22]} {[%emt 00:00:26]} Kd8 {[%emt 00:00:16]} 17. b3 {[%emt
00:00:29]} Qxg2# {[%emt 00:00:12]} 0-1

[Event "DEM U8w 2025"]
[Site "Willingen GER"]
[Date "2025.06.11"]
[Round "1"]
[White "Meier, Hanna"]
[Black "Romberg, Lene"]
[Result "0-1"]
[Termination "normal"]
[Board "10"]
[WhiteElo "718"]
[BlackElo "876"]
[WhiteClock "00:57:54"]
[BlackClock "00:51:18"]
[PlyCount "48"]
[EventCountry "GER"]
[EventRounds "7"]
[EventType "swiss"]
[EventDate "2025.06.10"]

1. e4 {[%clk 01:00:25]} {[%emt 00:00:05]} e5 {[%clk 01:00:24]} {[%emt
00:00:07]} 2. Nf3 {[%clk 01:00:34]} {[%emt 00:00:06]} Nc6 {[%clk 01:00:17]}
{[%emt 00:00:14]} 3. Bc4 {[%clk 01:00:46]} {[%emt 00:00:12]} Bc5 {[%clk
01:00:16]} {[%emt 00:00:14]} 4. Bxf7+ {[%clk 01:00:48]} {[%emt 00:00:14]} Kxf7
{[%clk 01:00:16]} {[%emt 00:00:16]} 5. O-O {[%clk 01:00:45]} {[%emt 00:00:17]}
Nf6 {[%clk 00:59:54]} {[%emt 00:00:36]} 6. d3 {[%clk 01:00:42]} {[%emt
00:00:18]} Kg8 {[%clk 00:59:57]} {[%emt 00:00:12]} 7. Bg5 {[%clk 01:00:27]}
{[%emt 00:00:26]} d6 {[%clk 00:59:24]} {[%emt 00:00:53]} 8. Nc3 {[%clk
01:00:26]} {[%emt 00:00:16]} h6 {[%clk 00:59:04]} {[%emt 00:00:35]} 9. Nd5
{[%clk 01:00:28]} {[%emt 00:00:13]} hxg5 {[%clk 00:58:44]} {[%emt 00:00:34]}
10. Nxg5 {[%clk 01:00:05]} {[%emt 00:00:38]} Nxd5 {[%clk 00:58:17]} {[%emt
00:00:42]} 11. exd5 {[%clk 00:59:57]} {[%emt 00:00:23]} Qxg5 {[%clk 00:57:59]}
{[%emt 00:00:35]} 12. dxc6 {[%clk 00:59:48]} {[%emt 00:00:23]} bxc6 {[%clk
00:57:25]} {[%emt 00:00:49]} 13. Qf3 {[%clk 00:59:40]} {[%emt 00:00:21]} d5
{[%clk 00:56:59]} {[%emt 00:00:42]} 14. g3 {[%clk 00:59:35]} {[%emt 00:00:19]}
Bg4 {[%clk 00:56:44]} {[%emt 00:00:32]} 15. Qg2 {[%clk 00:59:31]} {[%emt
00:00:16]} Qd2 {[%clk 00:55:52]} {[%emt 00:01:10]} 16. Rac1 {[%clk 00:59:19]}
{[%emt 00:00:26]} Be2 {[%clk 00:54:48]} {[%emt 00:01:19]} 17. Rfe1 {[%clk
00:59:14]} {[%emt 00:00:17]} Rb8 {[%clk 00:53:42]} {[%emt 00:01:25]} 18. Qh3
{[%clk 00:59:00]} {[%emt 00:00:26]} Rxh3 {[%clk 00:53:38]} {[%emt 00:00:22]}
19. Kg2 {[%clk 00:58:35]} {[%emt 00:00:39]} Rh5 {[%clk 00:53:04]} {[%emt
00:00:49]} 20. g4 {[%clk 00:58:26]} {[%emt 00:00:25]} Bxg4 {[%clk 00:52:50]}
{[%emt 00:00:29]} 21. Kg3 {[%clk 00:58:17]} {[%emt 00:00:23]} Bxf2+ {[%clk
00:52:13]} {[%emt 00:00:52]} 22. Kxg4 {[%clk 00:58:13]} {[%emt 00:00:19]} Bxe1
{[%clk 00:52:09]} {[%emt 00:00:19]} 23. Rb1 {[%clk 00:58:13]} {[%emt 00:00:16]}
Rg5+ {[%clk 00:00:00]} {[%emt 00:02:11]} 24. Kh3 {[%clk 00:57:54]} Qg2# {[%clk
00:51:18]} {[%emt 00:00:36]} 0-1